Statistics for Most Important Languages

Click here to take the quiz!

General Stats

  • This quiz has been taken 41 times
  • The average score is 13 of 15

Answer Stats

HintAnswer% Correct
1English
100%
4French
100%
3Spanish
100%
6German
97%
2Mandarin Chinese
97%
10Hindi
93%
7Russian
93%
8Japanese
90%
9Portuguese
90%
5Arabic
87%
12Italian
87%
11Korean
77%
14Turkish
77%
13Dutch
70%
15Bengali
53%

Score Distribution

Percentile by Number Answered

Percent of People with Each Score

Your Score History

You have not taken this quiz